[Event "1. Bundesliga 2016/2017"]
[Site "Mattersburg"]
[Date "2016.10.20"]
[Round "1"]
[Board "2"]
[White "Brkic, Ante"]
[Black "Danin, Alexandre"]
[Result "0-1"]
[WhiteElo "2552"]
[BlackElo "2564"]
[PlyCount "62"]
[EventDate "2016.10.20"]
[EventType "team"]
[EventRounds "11"]
[EventCountry "AUT"]
[WhiteTeam "SV Pillenkoenig St. Veit"]
[BlackTeam "SV Raika Rapid Feffernitz"]

1.e4 e6 2.d4 d5 3.Nc3 Nf6 4.e5 Nfd7 5.f4 c5 6.Nf3 Nc6 7.Be3 cxd4 8.Nxd4 Bc5 9.Qd2
O-O 10.O-O-O a6 11.Qf2 Bxd4 12.Bxd4 b5 13.Be3 b4 14.Na4 a5 15.h4 Ba6 16.h5 Qc7 17.h6
g6 18.g4 Rfc8 19.Kb1 Nd8 20.f5 Nc6 21.Nb6 Nxb6 22.Bxb6 Qd7 23.fxg6 fxg6 24.Bxa6 Rxa6
25.Rhf1 Raa8 26.Qe3 a4 27.Rf4 b3 28.cxb3 axb3 29.axb3 d4 30.Qf2 Qb7 31.Rf6 Nb4 0-1

[Event "1. Bundesliga 2016/2017"]
[Site "Mattersburg"]
[Date "2016.10.20"]
[Round "1"]
[Board "3"]
[White "Schreiner, Peter"]
[Black "Antoniewski, Rafal"]
[Result "1/2-1/2"]
[WhiteElo "2482"]
[BlackElo "2535"]
[PlyCount "60"]
[EventDate "2016.10.20"]
[EventType "team"]
[EventRounds "11"]
[EventCountry "AUT"]
[WhiteTeam "SV Raika Rapid Feffernitz"]
[BlackTeam "SV Pillenkoenig St. Veit"]

1.d4 d5 2.c4 dxc4 3.Nf3 a6 4.e3 b5 5.a4 Bb7 6.b3 e6 7.axb5 axb5 8.Rxa8 Bxa8 9.bxc4
bxc4 10.Bxc4 Nf6 11.O-O Nbd7 12.Nc3 Bd6 13.Qe2 O-O 14.e4 e5 15.Rd1 Qb8 16.h3 exd4
17.Nxd4 Re8 18.Qa2 Ne5 19.Bb3 Bb4 20.f4 Bxc3 21.fxe5 Bxd4+ 22.Rxd4 Rxe5 23.Bxf7+ Kf8
24.Bc4 c5 25.Rd1 Rxe4 26.Qa5 Rxc4 27.Rd8+ Qxd8 28.Qxd8+ Kf7 29.Bg5 Be4 30.Bxf6 gxf6 1/2-1/2

[Event "1. Bundesliga 2016/2017"]
[Site "Mattersburg"]
[Date "2016.10.20"]
[Round "1"]
[Board "4"]
[White "Rogic, Davor"]
[Black "Diermair, Andreas"]
[Result "1/2-1/2"]
[WhiteElo "2516"]
[BlackElo "2473"]
[PlyCount "62"]
[EventDate "2016.10.20"]
[EventType "team"]
[EventRounds "11"]
[EventCountry "AUT"]
[WhiteTeam "SV Pillenkoenig St. Veit"]
[BlackTeam "SV Raika Rapid Feffernitz"]

1.e4 e5 2.Nf3 Nc6 3.Bb5 a6 4.Ba4 Nf6 5.O-O Be7 6.Re1 b5 7.Bb3 d6 8.c3 O-O 9.h3 Bb7
10.d4 Re8 11.Ng5 Rf8 12.Nf3 Nd7 13.Nbd2 exd4 14.cxd4 Re8 15.Nf1 Bf6 16.Ng3 g6 17.a3
Na5 18.Ba2 c5 19.Bf4 cxd4 20.Nxd4 Ne5 21.b3 Nac6 22.Nc2 Nd7 23.Rc1 Bb2 24.Rb1 Be5
25.Qd2 Nc5 26.Red1 Ne6 27.Bxe5 dxe5 28.b4 Ncd4 29.Nxd4 Nxd4 30.Rbc1 Qe7 31.Qh6 Rac8 1/2-1/2

[Event "1. Bundesliga 2016/2017"]
[Site "Mattersburg"]
[Date "2016.10.20"]
[Round "1"]
[Board "6"]
[White "Hoelzl, Franz"]
[Black "Zorko, Jure"]
[Result "0-1"]
[WhiteElo "2321"]
[BlackElo "2465"]
[PlyCount "80"]
[EventDate "2016.10.20"]
[EventType "team"]
[EventRounds "11"]
[EventCountry "AUT"]
[WhiteTeam "SV Pillenkoenig St. Veit"]
[BlackTeam "SV Raika Rapid Feffernitz"]

1.d4 Nf6 2.Nf3 e6 3.g3 b5 4.Bg5 Bb7 5.Nbd2 Be7 6.Bxf6 Bxf6 7.e4 a6 8.a4 b4 9.Bg2 a5
10.O-O d6 11.Re1 O-O 12.c3 bxc3 13.bxc3 Nd7 14.Qc2 e5 15.Rab1 Nb6 16.d5 Bc8 17.Bf1
Bg4 18.h3 Bd7 19.Bb5 Bxh3 20.Bc6 Ra7 21.Rb5 Bg4 22.c4 h5 23.c5 dxc5 24.Qxc5 Be7 25.Qe3
Bd6 26.Rc1 Ra6 27.Qb3 f5 28.exf5 Bxf5 29.Nh4 Bh7 30.Nc4 Nxc4 31.Qxc4 Rb6 32.Qe2 Rxb5
33.Bxb5 Qg5 34.Rc3 e4 35.Qe3 Qe5 36.Rc2 g5 37.Ng2 h4 38.Bd7 Rf3 39.Be6+ Kg7 40.Qe1
e3 0-1

[Event "1. Bundesliga 2016/2017"]
[Site "Mattersburg"]
[Date "2016.10.20"]
[Round "1"]
[Board "1"]
[White "Sutovsky, Emil"]
[Black "Bindrich, Falko"]
[Result "1/2-1/2"]
[WhiteElo "2650"]
[BlackElo "2582"]
[PlyCount "82"]
[EventDate "2016.10.20"]
[EventType "team"]
[EventRounds "11"]
[EventCountry "AUT"]
[WhiteTeam "Schachklub Absam"]
[BlackTeam "SK Hohenems"]

1.e4 e5 2.Nf3 Nc6 3.Bb5 a6 4.Ba4 Nf6 5.O-O Be7 6.Re1 b5 7.Bb3 d6 8.c3 O-O 9.d4 Bg4
10.Be3 exd4 11.cxd4 Na5 12.Bc2 Nc4 13.Bc1 c5 14.b3 Nb6 15.Nbd2 cxd4 16.h3 Bh5 17.g4
d3 18.Bxd3 Bg6 19.Bf1 d5 20.e5 Ne4 21.Nd4 Rc8 22.Nxe4 dxe4 23.Nf5 Bxf5 24.gxf5 Bb4
25.Qxd8 Rfxd8 26.Rxe4 Bc3 27.Rb1 Rd1 28.Kg2 Be1 29.e6 fxe6 30.fxe6 Nd5 31.Be2 Rdxc1
32.Rxc1 Rxc1 33.Rd4 Rc5 34.Bf3 Kf8 35.Bxd5 Ke7 36.a4 Bc3 37.Rd1 Be5 38.a5 Bc3 39.f4
Bxa5 40.f5 Rc2+ 41.Kf3 Rd2 1/2-1/2

[Event "1. Bundesliga 2016/2017"]
[Site "Mattersburg"]
[Date "2016.10.20"]
[Round "1"]
[Board "2"]
[White "Martinovic, Sasa"]
[Black "Luther, Thomas"]
[Result "1-0"]
[WhiteElo "2551"]
[BlackElo "2524"]
[PlyCount "61"]
[EventDate "2016.10.20"]
[EventType "team"]
[EventRounds "11"]
[EventCountry "AUT"]
[WhiteTeam "SK Hohenems"]
[BlackTeam "Schachklub Absam"]

1.d4 e6 2.c4 Bb4+ 3.Nd2 c5 4.a3 Bxd2+ 5.Qxd2 cxd4 6.Nf3 Nf6 7.Nxd4 O-O 8.e3 d5 9.b3
e5 10.Nf3 Nc6 11.Bb2 d4 12.exd4 exd4 13.Be2 Bf5 14.Nxd4 Ne4 15.Qe3 Nxd4 16.Qxd4 Qg5
17.f4 Qh6 18.Rd1 Rae8 19.O-O Ng3 20.hxg3 Rxe2 21.Rfe1 Rxe1+ 22.Rxe1 Qg6 23.Re5 f6
24.Qd5+ Kh8 25.Rxf5 Qxg3 26.Qf3 Qe1+ 27.Qf1 Qe3+ 28.Kh2 h6 29.b4 Re8 30.Rd5 Qb3 31.Rd2 1-0

[Event "1. Bundesliga 2016/2017"]
[Site "Mattersburg"]
[Date "2016.10.20"]
[Round "1"]
[Board "3"]
[White "Bayer, Bernhard"]
[Black "Rozentalis, Eduardas"]
[Result "1/2-1/2"]
[WhiteElo "2431"]
[BlackElo "2540"]
[PlyCount "79"]
[EventDate "2016.10.20"]
[EventType "team"]
[EventRounds "11"]
[EventCountry "AUT"]
[WhiteTeam "Schachklub Absam"]
[BlackTeam "SK Hohenems"]

1.d4 Nf6 2.Nf3 e6 3.e3 d6 4.c4 g6 5.Nc3 Bg7 6.g3 O-O 7.Bg2 Nbd7 8.O-O e5 9.b4 Re8
10.Qb3 Nf8 11.dxe5 dxe5 12.Rd1 Qe7 13.Ba3 Bg4 14.h3 Bxf3 15.Bxf3 e4 16.Bg2 h5 17.b5
Qe6 18.Nd5 Nxd5 19.cxd5 Qf5 20.Rac1 Be5 21.Bxf8 Kxf8 22.Rc4 Kg7 23.h4 Re7 24.Bxe4
Qf6 25.Bg2 Qb6 26.Kh2 Bf6 27.Rd3 Rae8 28.Qb4 Be5 29.a4 f5 30.a5 Qf6 31.Qb1 Bd6 32.Kg1
b6 33.axb6 axb6 34.Rd1 Ra8 35.Qb3 Ra3 36.Qc2 Qe5 37.Re1 Qf6 38.Rd1 Qe5 39.Re1 Qf6
40.Rd1 1/2-1/2

[Event "1. Bundesliga 2016/2017"]
[Site "Mattersburg"]
[Date "2016.10.20"]
[Round "1"]
[Board "4"]
[White "Atlas, Valery"]
[Black "Dizdar, Goran"]
[Result "1/2-1/2"]
[WhiteElo "2437"]
[BlackElo "2504"]
[PlyCount "60"]
[EventDate "2016.10.20"]
[EventType "team"]
[EventRounds "11"]
[EventCountry "AUT"]
[WhiteTeam "SK Hohenems"]
[BlackTeam "Schachklub Absam"]

1.e4 e6 2.d4 d5 3.Nc3 Bb4 4.e5 Qd7 5.h4 b6 6.h5 Ba6 7.Bxa6 Nxa6 8.Qd3 Nb8 9.h6 g6
10.Bg5 c5 11.a3 c4 12.Qe3 Bf8 13.f4 Nc6 14.Nf3 b5 15.g4 Qb7 16.f5 gxf5 17.gxf5 Nge7
18.Nh4 Rg8 19.Ne2 exf5 20.c3 O-O-O 21.Ng3 Re8 22.Nh5 Nxe5 23.Qxe5 Rxg5 24.Nf6 Rd8
25.Nxh7 Rh5 26.Nxf8 Rxf8 27.O-O-O Rxh6 28.Nxf5 Nxf5 29.Qxf5+ Re6 30.Rh5 Rd8 1/2-1/2

[Event "1. Bundesliga 2016/2017"]
[Site "Mattersburg"]
[Date "2016.10.20"]
[Round "1"]
[Board "5"]
[White "Rotstein, Arkadij"]
[Black "Breder, Dennis"]
[Result "0-1"]
[WhiteElo "2501"]
[BlackElo "2470"]
[PlyCount "96"]
[EventDate "2016.10.20"]
[EventType "team"]
[EventRounds "11"]
[EventCountry "AUT"]
[WhiteTeam "Schachklub Absam"]
[BlackTeam "SK Hohenems"]

1.d4 d5 2.Nf3 Nf6 3.Bf4 c6 4.Nbd2 Qb6 5.Rb1 Bf5 6.e3 Nbd7 7.Nh4 Bg4 8.Be2 Bxe2 9.Qxe2
e6 10.Nhf3 c5 11.O-O cxd4 12.exd4 Be7 13.c4 Qa6 14.b4 dxc4 15.Nxc4 b5 16.Ne3 Nb6 17.Bg5
O-O 18.Ne5 Rac8 19.Rfc1 Nfd5 20.Bxe7 Nxe7 21.Nd3 Rxc1+ 22.Rxc1 Nbd5 23.Nxd5 Nxd5 24.Rc5
Rd8 25.g3 Qd6 26.Kg2 a6 27.Qc2 Nb6 28.Ne5 f6 29.Nf3 Nc4 30.a4 Qd7 31.axb5 axb5 32.Qe4
Nd6 33.Qe2 Nc4 34.h4 Kf7 35.Qe4 Kg8 36.h5 Nd6 37.Qe2 Ra8 38.h6 gxh6 39.Nh2 Nf5 40.Ng4
Kg7 41.d5 exd5 42.Qf3 Rd8 43.Qc3 d4 44.Qc1 Kg6 45.Qf4 d3 46.f3 Qe6 47.Nf2 Ne3+ 48.Kh2
d2 0-1

[Event "1. Bundesliga 2016/2017"]
[Site "Mattersburg"]
[Date "2016.10.20"]
[Round "1"]
[Board "6"]
[White "Froewis, Georg"]
[Black "Deglmann, Ludwig"]
[Result "1-0"]
[WhiteElo "2435"]
[BlackElo "2296"]
[PlyCount "71"]
[EventDate "2016.10.20"]
[EventType "team"]
[EventRounds "11"]
[EventCountry "AUT"]
[WhiteTeam "SK Hohenems"]
[BlackTeam "Schachklub Absam"]

1.Nf3 c5 2.c4 Nc6 3.e3 e5 4.Nc3 Nf6 5.b3 d5 6.cxd5 Nxd5 7.Bb2 Nxc3 8.Bxc3 Bd6 9.Bb5
e4 10.Ne5 Bxe5 11.Bxe5 O-O 12.Bg3 Nb4 13.O-O Qa5 14.Bc4 b5 15.Be2 Rd8 16.a3 Nd3 17.Bxd3
exd3 18.Be5 Be6 19.Qc1 Rac8 20.b4 cxb4 21.axb4 Qxb4 22.Bc3 Qb3 23.Ra3 Rxc3 24.Qxc3
Qxc3 25.Rxc3 b4 26.Rc7 Ra8 27.Ra1 a5 28.Rb7 b3 29.Rxa5 Rc8 30.f4 g6 31.g4 Rc2 32.g5
Rxd2 33.Ra8+ Kg7 34.Rbb8 f5 35.Ra7+ Bf7 36.Rxb3 1-0

[Event "1. Bundesliga 2016/2017"]
[Site "Mattersburg"]
[Date "2016.10.20"]
[Round "1"]
[Board "1"]
[White "Melkumyan, Hrant"]
[Black "Ragger, Markus"]
[Result "0-1"]
[WhiteElo "2619"]
[BlackElo "2677"]
[PlyCount "153"]
[EventDate "2016.10.20"]
[EventType "team"]
[EventRounds "11"]
[EventCountry "AUT"]
[WhiteTeam "ASVOE Wulkaprodersdorf"]
[BlackTeam "SC MPOE Maria Saal"]

1.Nf3 d5 2.d4 Nf6 3.c4 e6 4.Nc3 c6 5.Bg5 dxc4 6.a4 a6 7.a5 c5 8.d5 Be7 9.e4 exd5 10.exd5
O-O 11.Bxc4 h6 12.Bh4 Nxd5 13.Nxd5 Bxh4 14.Nb6 Qe7+ 15.Qe2 Ra7 16.Nxh4 Qxh4 17.O-O
Nd7 18.g3 Qg5 19.f4 Qg6 20.Nd5 Kh8 21.Qe7 Qe6 22.Qxe6 fxe6 23.Ne7 b5 24.Ng6+ Kh7 25.Nxf8+
Nxf8 26.Be2 Nd7 27.Rad1 Nf6 28.Rd6 Rc7 29.Bf3 Kg6 30.Rc1 Kf7 31.Rc6 Rxc6 32.Bxc6 c4
33.b3 cxb3 34.Rb1 Ke7 35.Rxb3 Kd6 36.Rc3 Bd7 37.Bb7 Nd5 38.Rc1 Nb4 39.Rb1 Kc5 40.Rc1+
Kd6 41.Rd1+ Kc7 42.Be4 Bc6 43.Bg6 Bd5 44.Kf2 Nc6 45.Rc1 Bc4 46.Ra1 Kd6 47.Be4 Nb4
48.Rd1+ Nd5 49.Ke1 Kc5 50.Kd2 b4 51.Re1 b3 52.Bh7 Kb4 53.Re5 Ka3 54.f5 exf5 55.Bxf5
b2 56.h4 Nb4 57.Re3+ Ka2 58.Re1 Ka3 59.g4 Nc6 60.Kc3 Ba2 61.Bc2 Nxa5 62.Re7 Nc4 63.Ra7
a5 64.h5 Bb3 65.Bh7 a4 66.Rxg7 Ne3 67.g5 Nd5+ 68.Kd2 hxg5 69.Rxg5 Nf6 70.Bg6 Kb4 71.Bb1
a3 72.Rg1 Ne4+ 73.Ke3 Nd6 74.h6 a2 75.h7 Nf7 76.Rg4+ Kc3 77.Bc2 0-1

[Event "1. Bundesliga 2016/2017"]
[Site "Mattersburg"]
[Date "2016.10.20"]
[Round "1"]
[Board "2"]
[White "Buhmann, Rainer"]
[Black "Kraemer, Martin"]
[Result "1/2-1/2"]
[WhiteElo "2609"]
[BlackElo "2574"]
[PlyCount "70"]
[EventDate "2016.10.20"]
[EventType "team"]
[EventRounds "11"]
[EventCountry "AUT"]
[WhiteTeam "SC MPOE Maria Saal"]
[BlackTeam "ASVOE Wulkaprodersdorf"]

1.Nf3 Nf6 2.c4 e6 3.Nc3 d5 4.d4 a6 5.cxd5 exd5 6.Bg5 Be7 7.e3 O-O 8.Qc2 Be6 9.Bd3
Nbd7 10.O-O h6 11.Bh4 Re8 12.Rac1 Rc8 13.Rfd1 c6 14.a3 Bg4 15.Bf5 Bxf5 16.Qxf5 g6
17.Qc2 Nh5 18.Bxe7 Qxe7 19.Na4 Nhf6 20.Nd2 Ne4 21.Nxe4 Qxe4 22.Qxe4 Rxe4 23.Rd3 Re7
24.Rb3 Rc7 25.f3 h5 26.h4 Kf8 27.Kf2 Kg7 28.Rbc3 Nf6 29.b3 Rc8 30.Nc5 Rd8 31.a4 Ne8
32.Nd3 Nd6 33.Nf4 Rde8 34.g3 Nf5 35.Ng2 Re6 1/2-1/2

[Event "1. Bundesliga 2016/2017"]
[Site "Mattersburg"]
[Date "2016.10.20"]
[Round "1"]
[Board "3"]
[White "Schneider, Ilja"]
[Black "Predojevic, Borki"]
[Result "1/2-1/2"]
[WhiteElo "2516"]
[BlackElo "2616"]
[PlyCount "60"]
[EventDate "2016.10.20"]
[EventType "team"]
[EventRounds "11"]
[EventCountry "AUT"]
[WhiteTeam "ASVOE Wulkaprodersdorf"]
[BlackTeam "SC MPOE Maria Saal"]

1.d4 e6 2.e4 d5 3.exd5 exd5 4.Bf4 Bd6 5.Bxd6 Qxd6 6.Bd3 Ne7 7.c3 Bf5 8.Bxf5 Nxf5 9.Nf3
Qe6+ 10.Qe2 Qxe2+ 11.Kxe2 Nd7 12.Nbd2 f6 13.Rhe1 Kf7 14.Nf1 Rhe8+ 15.Kd3 c6 16.Rxe8
Rxe8 17.Re1 Rd8 18.N3d2 Nf8 19.Ne3 Nxe3 20.Rxe3 Ne6 21.Ke2 Nf4+ 22.Kf3 Ng6 23.Re1
Ne7 24.a4 Nf5 25.Nb3 Nd6 26.Nc5 a5 27.Ke2 b6 28.Nd3 Re8+ 29.Kd1 Rxe1+ 30.Kxe1 Ke6 1/2-1/2

[Event "1. Bundesliga 2016/2017"]
[Site "Mattersburg"]
[Date "2016.10.20"]
[Round "1"]
[Board "4"]
[White "Kreisl, Robert"]
[Black "Volkmann, Friedrich Karl"]
[Result "1-0"]
[WhiteElo "2435"]
[BlackElo "2403"]
[PlyCount "59"]
[EventDate "2016.10.20"]
[EventType "team"]
[EventRounds "11"]
[EventCountry "AUT"]
[WhiteTeam "SC MPOE Maria Saal"]
[BlackTeam "ASVOE Wulkaprodersdorf"]

1.d4 d5 2.c4 Nc6 3.Nc3 dxc4 4.Nf3 Nf6 5.e4 Bg4 6.Be3 e6 7.Bxc4 Be7 8.Bb5 O-O 9.Bxc6
bxc6 10.Qa4 Qb8 11.Rb1 Bxf3 12.gxf3 Qb7 13.O-O a5 14.Rfc1 Ne8 15.Ne2 Ra6 16.Nf4 Qb5
17.Qxb5 cxb5 18.Nd3 f5 19.Nc5 Rc6 20.Nd7 Rxc1+ 21.Rxc1 Rf7 22.Ne5 Rf8 23.Nc6 Bh4 24.e5
Rf7 25.Rc5 b4 26.Rxa5 b3 27.a4 f4 28.Bd2 Rd7 29.Rb5 Nd6 30.exd6 1-0

[Event "1. Bundesliga 2016/2017"]
[Site "Mattersburg"]
[Date "2016.10.20"]
[Round "1"]
[Board "5"]
[White "Wallner, Joachim"]
[Black "Schachinger, Mario"]
[Result "1/2-1/2"]
[WhiteElo "2313"]
[BlackElo "2420"]
[PlyCount "79"]
[EventDate "2016.10.20"]
[EventType "team"]
[EventRounds "11"]
[EventCountry "AUT"]
[WhiteTeam "ASVOE Wulkaprodersdorf"]
[BlackTeam "SC MPOE Maria Saal"]

1.e4 e5 2.Nf3 Nc6 3.Bb5 a6 4.Ba4 Nf6 5.O-O Be7 6.Bxc6 dxc6 7.d3 Nd7 8.Nbd2 f6 9.Nh4
g6 10.Nc4 Nc5 11.Bh6 Be6 12.Na5 Qd4 13.Bc1 O-O-O 14.Qe1 Qd6 15.Nf3 b6 16.Nc4 Bxc4
17.dxc4 Qe6 18.Qe2 Qg4 19.Re1 f5 20.exf5 e4 21.Nd4 Qxe2 22.Nxe2 gxf5 23.Be3 Ne6 24.Rad1
Bb4 25.Rf1 Rdf8 26.Nf4 Nxf4 27.Bxf4 Rhg8 28.c3 Be7 29.Rfe1 Rg6 30.g3 h5 31.f3 Re6
32.Kg2 Bd6 33.Bc1 Rfe8 34.fxe4 Rxe4 35.Rxe4 Rxe4 36.Rf1 Re2+ 37.Rf2 Re1 38.Rf1 Re2+
39.Rf2 Re1 40.Rf1 1/2-1/2

[Event "1. Bundesliga 2016/2017"]
[Site "Mattersburg"]
[Date "2016.10.20"]
[Round "1"]
[Board "6"]
[White "Halvax, Georg"]
[Black "Mesaros, Florian"]
[Result "0-1"]
[WhiteElo "2425"]
[BlackElo "2335"]
[PlyCount "60"]
[EventDate "2016.10.20"]
[EventType "team"]
[EventRounds "11"]
[EventCountry "AUT"]
[WhiteTeam "SC MPOE Maria Saal"]
[BlackTeam "ASVOE Wulkaprodersdorf"]

1.e4 e5 2.Nf3 Nc6 3.d4 exd4 4.Nxd4 Nf6 5.Nxc6 bxc6 6.e5 Qe7 7.Qe2 Nd5 8.c4 Nb6 9.Nc3
Ba6 10.b3 O-O-O 11.Bb2 Re8 12.O-O-O Qxe5 13.Qd2 Bb4 14.c5 Bxf1 15.cxb6 Bxg2 16.Qxd7+
Kb7 17.bxc7 Rc8 18.Rhe1 Qf4+ 19.Qd2 Qxc7 20.Qd4 Qa5 21.Qxg7 Bd5 22.Kb1 Ka8 23.Nxd5
Bxe1 24.Ne7 Rhd8 25.Rc1 Bd2 26.Rc2 Bg5 27.Nxc8 Rd1+ 28.Bc1 Qf5 29.Nb6+ Kb7 30.f4 Bxf4 0-1

[Event "1. Bundesliga 2016/2017"]
[Site "Mattersburg"]
[Date "2016.10.20"]
[Round "1"]
[Board "1"]
[White "Zilka, Stepan"]
[Black "Georgiadis, Nico"]
[Result "1/2-1/2"]
[WhiteElo "2523"]
[BlackElo "2478"]
[PlyCount "77"]
[EventDate "2016.10.20"]
[EventType "team"]
[EventRounds "11"]
[EventCountry "AUT"]
[WhiteTeam "Blackburne Nickelsdorf"]
[BlackTeam "Schachclub Sparkasse Goetzis"]

1.e4 e5 2.Nf3 Nc6 3.Bb5 Nf6 4.O-O Nxe4 5.Re1 Nd6 6.Nxe5 Be7 7.Bf1 Nxe5 8.Rxe5 O-O
9.Nc3 Ne8 10.Nd5 Bd6 11.Re1 c6 12.Ne3 Bc7 13.Nf5 d5 14.Ne7+ Kh8 15.Nxc8 Rxc8 16.d3
Qf6 17.Qg4 Nd6 18.c3 Qf5 19.Qxf5 Nxf5 20.g3 Rce8 21.Bd2 g6 22.Bg2 Kg7 23.b4 a6 24.Kf1
h5 25.a4 Bd6 26.Rxe8 Rxe8 27.c4 dxc4 28.dxc4 Be5 29.Rd1 Bf6 30.Bf4 Bc3 31.b5 axb5
32.axb5 Re6 33.h4 Bb4 34.Rb1 Bc5 35.bxc6 bxc6 36.Rb8 Bd6 37.Bxd6 Rxd6 38.Be4 Rd4 39.Bxc6 1/2-1/2

[Event "1. Bundesliga 2016/2017"]
[Site "Mattersburg"]
[Date "2016.10.20"]
[Round "1"]
[Board "2"]
[White "Krassowizkij, Jaroslaw"]
[Black "Schwarhofer, Christopher"]
[Result "1-0"]
[WhiteElo "2453"]
[BlackElo "2385"]
[PlyCount "69"]
[EventDate "2016.10.20"]
[EventType "team"]
[EventRounds "11"]
[EventCountry "AUT"]
[WhiteTeam "Schachclub Sparkasse Goetzis"]
[BlackTeam "Blackburne Nickelsdorf"]

1.d4 Nf6 2.c4 d6 3.Nc3 Nbd7 4.e4 e5 5.Nf3 c6 6.Be2 a6 7.O-O Qc7 8.Be3 exd4 9.Nxd4
Nc5 10.Re1 Be7 11.Bf3 g6 12.Bh6 Ne6 13.Rc1 Rg8 14.Nd5 cxd5 15.cxd5 Nc5 16.b4 Nfd7
17.Bf4 Ne5 18.Bxe5 dxe5 19.Nb3 b6 20.bxc5 bxc5 21.Bg4 Bd6 22.Re3 h5 23.Bxc8 Rxc8 24.Rec3
Ke7 25.Qe2 Qb6 26.Nd2 Qb5 27.Nc4 Rc7 28.Rb3 Qa4 29.Rcb1 Rd8 30.Ra3 Qb4 31.Rxb4 cxb4
32.Rxa6 Rdc8 33.Rc6 Rxc6 34.dxc6 Rxc6 35.g3 1-0

[Event "1. Bundesliga 2016/2017"]
[Site "Mattersburg"]
[Date "2016.10.20"]
[Round "1"]
[Board "3"]
[White "Pinter, Erik"]
[Black "Hirneise, Tobias"]
[Result "1/2-1/2"]
[WhiteElo "2382"]
[BlackElo "2466"]
[PlyCount "102"]
[EventDate "2016.10.20"]
[EventType "team"]
[EventRounds "11"]
[EventCountry "AUT"]
[WhiteTeam "Blackburne Nickelsdorf"]
[BlackTeam "Schachclub Sparkasse Goetzis"]

1.e4 e5 2.Nf3 Nc6 3.Bb5 Nf6 4.O-O Nxe4 5.Re1 Nd6 6.Nxe5 Be7 7.Bf1 Nf5 8.c3 Nxe5 9.Rxe5
d6 10.Re1 c5 11.Na3 O-O 12.Nc2 Bf6 13.Ne3 Nxe3 14.dxe3 d5 15.e4 dxe4 16.Qxd8 Rxd8
17.Rxe4 Be6 18.Re1 Rd6 19.Be3 b6 20.Bf4 Rdd8 21.a4 g5 22.Be5 Kg7 23.a5 Bxe5 24.Rxe5
Kf6 25.Ree1 c4 26.axb6 axb6 27.Rxa8 Rxa8 28.f3 b5 29.g4 Ra2 30.Re2 Ke7 31.Kf2 Kd6
32.Ke3 Ra1 33.Bg2 Kc5 34.h3 f5 35.Kf2 Kd6 36.Rd2+ Ke5 37.Re2+ Kf6 38.gxf5 Bxf5 39.Kg3
Ra2 40.Rf2 Ke5 41.Re2+ Kd6 42.Rd2+ Kc5 43.f4 gxf4+ 44.Kxf4 Bd3 45.Bf3 b4 46.cxb4+
Kxb4 47.h4 Ra1 48.Ke3 Rc1 49.Bd1 Ra1 50.b3 Ra7 51.bxc4 Bxc4 1/2-1/2

[Event "1. Bundesliga 2016/2017"]
[Site "Mattersburg"]
[Date "2016.10.20"]
[Round "1"]
[Board "4"]
[White "Kvetny, Mark"]
[Black "Vlcek, Stanislav"]
[Result "1-0"]
[WhiteElo "2377"]
[BlackElo "2255"]
[PlyCount "59"]
[EventDate "2016.10.20"]
[EventType "team"]
[EventRounds "11"]
[EventCountry "AUT"]
[WhiteTeam "Schachclub Sparkasse Goetzis"]
[BlackTeam "Blackburne Nickelsdorf"]

1.d4 Nf6 2.c4 g6 3.Nc3 Bg7 4.e4 d6 5.Be2 O-O 6.Bg5 Na6 7.f4 c5 8.d5 h6 9.Bh4 Nc7 10.Nf3
Bg4 11.O-O Qd7 12.Qd2 e6 13.e5 Nfe8 14.Rae1 exd5 15.cxd5 Kh8 16.h3 Bxf3 17.Bxf3 f5
18.e6 Qc8 19.Be7 Rg8 20.g4 Bf6 21.Bxf6+ Nxf6 22.gxf5 gxf5+ 23.Kh2 Qd8 24.Qd3 Ng4+
25.hxg4 Qh4+ 26.Kg2 Rxg4+ 27.Bxg4 Rg8 28.Re3 Nxd5 29.Nxd5 Rxg4+ 30.Rg3 1-0

[Event "1. Bundesliga 2016/2017"]
[Site "Mattersburg"]
[Date "2016.10.20"]
[Round "1"]
[Board "5"]
[White "Rongitsch, Thomas"]
[Black "Matt, Fabian"]
[Result "0-1"]
[WhiteElo "2041"]
[BlackElo "2259"]
[PlyCount "88"]
[EventDate "2016.10.20"]
[EventType "team"]
[EventRounds "11"]
[EventCountry "AUT"]
[WhiteTeam "Blackburne Nickelsdorf"]
[BlackTeam "Schachclub Sparkasse Goetzis"]

1.e4 c5 2.Nf3 e6 3.d4 cxd4 4.Nxd4 Nf6 5.Bd3 Qb6 6.Nb3 Qc7 7.c4 b6 8.Nc3 a6 9.Be3 d6
10.Rc1 Nbd7 11.O-O Bb7 12.f4 g6 13.Qe2 Bg7 14.h3 O-O 15.Qf2 Rab8 16.Rfd1 Rfd8 17.f5
Ba8 18.fxe6 fxe6 19.Nd2 Ne5 20.Be2 Rf8 21.Qh4 Qc6 22.b3 Rf7 23.Nf3 Nxf3+ 24.Bxf3 Nd7
25.Ne2 Ne5 26.Nd4 Qd7 27.Be2 Bf6 28.Qg3 Bxe4 29.Rd2 Qe7 30.Rcd1 Bh4 31.Qh2 Rbf8 32.Bg4
Nxg4 33.hxg4 d5 34.Qe5 Bf6 35.Qg3 dxc4 36.bxc4 Rc8 37.Nb3 Rxc4 38.Qb8+ Rf8 39.Qxb6
Be5 40.Rd7 Qf6 41.Nd2 Rc2 42.Rf1 Qxf1+ 43.Nxf1 Rxg2+ 44.Kh1 Rxf1+ 0-1

[Event "1. Bundesliga 2016/2017"]
[Site "Mattersburg"]
[Date "2016.10.20"]
[Round "1"]
[Board "6"]
[White "Anistratov, Dmitrij"]
[Black "Bachofner, Christian"]
[Result "1-0"]
[WhiteElo "2273"]
[BlackElo "1988"]
[PlyCount "67"]
[EventDate "2016.10.20"]
[EventType "team"]
[EventRounds "11"]
[EventCountry "AUT"]
[WhiteTeam "Schachclub Sparkasse Goetzis"]
[BlackTeam "Blackburne Nickelsdorf"]

1.Nf3 d5 2.g3 c6 3.Bg2 Nf6 4.O-O e6 5.d3 Nbd7 6.c4 Be7 7.Nc3 b6 8.e4 dxe4 9.dxe4 Qc7
10.e5 Ng4 11.Bf4 Bb7 12.h3 Nh6 13.Ne4 O-O 14.Nd6 Bxd6 15.exd6 Qd8 16.Bg5 Qb8 17.Bxh6
gxh6 18.Qd2 Kg7 19.Rad1 Qd8 20.Nd4 Rc8 21.b4 Ba8 22.c5 Qf6 23.Rc1 e5 24.Ne2 bxc5 25.bxc5
Rb8 26.Rc4 Rb5 27.Nc3 Rbb8 28.Qe3 Qe6 29.Ra4 f5 30.Rxa7 f4 31.Qe2 Kh8 32.Ne4 Rf7 33.Bf3
fxg3 34.fxg3 1-0

[Event "1. Bundesliga 2016/2017"]
[Site "Mattersburg"]
[Date "2016.10.20"]
[Round "1"]
[Board "1"]
[White "Nisipeanu, Liviu-Dieter"]
[Black "Dragnev, Valentin"]
[Result "1/2-1/2"]
[WhiteElo "2684"]
[BlackElo "2515"]
[PlyCount "154"]
[EventDate "2016.10.20"]
[EventType "team"]
[EventRounds "11"]
[EventCountry "AUT"]
[WhiteTeam "Schachklub Sparkasse Jenbach"]
[BlackTeam "mpimmo Wien - SK Ottakring"]

1.c4 Nf6 2.g3 e6 3.Bg2 d5 4.Nf3 dxc4 5.Qa4+ Bd7 6.Qxc4 c5 7.Ne5 Qc8 8.Nc3 Nc6 9.Nxd7
Qxd7 10.Qa4 Rc8 11.d3 Be7 12.O-O O-O 13.Be3 Rfd8 14.Rfc1 b6 15.Rab1 h6 16.a3 Nd4 17.Qxd7
Rxd7 18.b3 g5 19.Bd2 Kg7 20.Kf1 g4 21.Nd1 b5 22.Ne3 h5 23.Bc3 Kg6 24.Ba1 Ne8 25.b4
Rdc7 26.Ke1 Bf6 27.bxc5 Rxc5 28.Rxc5 Rxc5 29.Kd1 Nd6 30.h3 Kg5 31.hxg4 hxg4 32.Bb2
Be5 33.Rc1 Rxc1+ 34.Bxc1 Kh5 35.Nc2 Nb3 36.Be3 a5 37.Bc6 Bc3 38.Bb6 Nc8 39.Bc7 b4
40.Bd7 Ne7 41.axb4 Nd5 42.Bxa5 Nxa5 43.bxa5 Bxa5 44.e3 Nc3+ 45.Ke1 Kg5 46.Kf1 e5 47.e4
Nd1 48.Ke2 Nc3+ 49.Kf1 Nd1 50.Ne1 Nb2 51.Bb5 Nd1 52.Ba4 Nc3 53.Be8 f6 54.Ng2 Nd1 55.Ba4
Nc3 56.Bb3 f5 57.exf5 e4 58.dxe4 Nxe4 59.Bc2 Nd2+ 60.Ke2 Nf3 61.Be4 Nd4+ 62.Kd3 Nxf5
63.Bxf5 Kxf5 64.Ne3+ Kg5 65.Ke4 Be1 66.Nd1 Ba5 67.Ke5 Bc7+ 68.Ke6 Bb6 69.Nc3 Kg6 70.Ne4
Bd4 71.Kd5 Ba7 72.Ke5 Bb8+ 73.Nd6 Ba7 74.Ne4 Bb8+ 75.Kd5 Ba7 76.Nc5 Kf5 77.Kd6 Bb8+ 1/2-1/2

[Event "1. Bundesliga 2016/2017"]
[Site "Mattersburg"]
[Date "2016.10.20"]
[Round "1"]
[Board "2"]
[White "Schneider-Zinner, Harald"]
[Black "Shirov, Alexei"]
[Result "1/2-1/2"]
[WhiteElo "2392"]
[BlackElo "2693"]
[PlyCount "61"]
[EventDate "2016.10.20"]
[EventType "team"]
[EventRounds "11"]
[EventCountry "AUT"]
[WhiteTeam "mpimmo Wien - SK Ottakring"]
[BlackTeam "Schachklub Sparkasse Jenbach"]

1.d4 Nf6 2.c4 e6 3.Nf3 b6 4.g3 Bb4+ 5.Bd2 Bxd2+ 6.Qxd2 Ba6 7.b3 d5 8.Bg2 c6 9.Ne5
Nfd7 10.Nxd7 Nxd7 11.cxd5 cxd5 12.O-O O-O 13.Nc3 Qe7 14.Rfc1 Rfc8 15.e4 dxe4 16.Nxe4
Bb7 17.Rxc8+ Rxc8 18.Rc1 Rxc1+ 19.Qxc1 Bxe4 20.Qc8+ Nf8 21.Bxe4 Qb4 22.Kg2 Qxd4 23.Bxh7+
Kxh7 24.Qxf8 Qe4+ 25.Kg1 Kg6 26.Qa3 a5 27.Qc1 b5 28.Qc5 Qb1+ 29.Kg2 Qe4+ 30.Kg1 Qb1+
31.Kg2 1/2-1/2